| 000 | 00519pam a2200157a 44500 | ||
|---|---|---|---|
| 008 | 230515b2019 xxu||||| |||| 00| 0 eng d | ||
| 020 | _aNULL | ||
| 041 | _aENGLISH | ||
| 082 | _a610.0 | ||
| 100 | _aMS. MARY KHUMUJAM | ||
| 245 | _aA STUDY TO ASSESS THE KNOWLEDGE REGARDING FETALWELL BEING AMONG THE STAFF NURSES WORKING IN OBSTERICS AND GUNECOLOGICAL WARDS IN SELECTED HOSPITALS OF PUNE CITY. | ||
| 250 | _a1 | ||
| 260 |
_aPUNE _bBHARATI VIDYAPEETH DEEMED UNIVERSITY, PUNE, _c2019 |
||
| 300 | _a76 | ||
| 650 | _aNULL | ||
| 999 |
_c532105 _d532105 |
||